000 00556nam a22001817a 4500
003 OSt
005 20230113113142.0
008 221021b |||||||| |||| 00| 0 eng d
040 _cBiblioteca LadoV
082 _a702
_bAR784ar
130 _aArt| Basel Conversations
_lingles
245 _aArt | Basel Conversations 2006/
260 _aMiami
_c2006
300 _a211p.
_c17x22cm
650 _2Tesauro de Arte & Arquitectura
_aDIRECTORIO
650 _2Tesauro de Arte & Arquitectura
_aREFERENCIA
942 _2ddc
_c1
_h702
_iAR784ar
_n0
999 _c2356
_d2356